[Event "Harrogate 4NCL op-B 17th"]
[Site "Harrogate"]
[Date "2018.01.20"]
[Round "3"]
[White "May, Paul"]
[Black "Clapham, Michael JW"]
[Result "1-0"]
[WhiteElo "1689"]
[BlackElo "1923"]
[PlyCount "93"]
[EventDate "2018.01.19"]
[EventType "swiss"]
[EventRounds "5"]
[EventCountry "ENG"]
[SourceTitle "CBM 182 Extra"]
[Source "ChessBase"]
[SourceDate "2018.02.23"]
[SourceVersion "1"]
[SourceVersionDate "2018.02.23"]
[SourceQuality "1"]

1. d4 Nf6 2. c4 c5 3. d5 b5 4. Nc3 bxc4 5. e4 d6 6. Bxc4 g6 7. Qc2 Bg7 8. h3 Nbd7 9. Nf3 0-0 10. 0-0 Nb6 11. Be2 Rb8 12. Rd1 Nfd7 13. Ng5 Ne5 14. f4 Nec4 15. b3 Bd4+ 16. Kh2 Ne3 17. Bxe3 Bxe3 18. g3 h6 19. Qd3 Bd4 20. Nf3 Bg7 21. Rac1 Qd7 22. g4 Na8 23. e5 Nc7 24. Qe3 Rb4 25. Bd3 h5 26. Rg1 Bh6 27. Be4 f5 28. e6 Qe8 29. gxf5 Rxf5 30. Ng5 Bxg5 31. Rxg5 Rxg5 32. fxg5 Ba6 33. Rc2 Kh7 34. Rf2 Nb5 35. Rf7+ Kh8 36. Nxb5 Qxb5 37. Qf3 Qe2+ 38. Qxe2 Bxe2 39. Bxg6 Rd4 40. Rxe7 Rd2 41. Kg3 a6 42. Rb7 Rxd5 43. h4 Re5 44. e7 Bb5 45. Rxb5 axb5 46. e8Q+ Rxe8 47. Bxe8 1-0

[Event "BCF-chT4 0506 (4NCL)"]
[Site "West Bromwich"]
[Date "2005.12.04"]
[Round "4.6"]
[White "Auckland, Elliott"]
[Black "Clapham, Michael JW"]
[Result "1-0"]
[WhiteElo "1670"]
[BlackElo "2005"]
[PlyCount "51"]
[EventDate "2005.11.05"]
[EventType "team-tourn"]
[EventRounds "11"]
[EventCountry "ENG"]
[SourceTitle "CBM 109 Extra"]
[Source "ChessBase"]
[SourceDate "2006.01.03"]
[SourceVersion "2"]
[SourceVersionDate "2006.01.03"]
[SourceQuality "1"]
[WhiteTeam "Conquistadors"]
[BlackTeam "The Suffolk Punches"]
[WhiteTeamCountry "ENG"]
[BlackTeamCountry "ENG"]

1. e4 d5 2. exd5 Nf6 3. c4 e6 4. d4 exd5 5. Nc3 Nc6 6. Bg5 Be7 7. Bxf6 Bxf6 8. Qe2+ Be6 9. cxd5 Nxd4 10. Qe4 0-0 11. dxe6 Re8 12. Bc4 Nxe6 13. Kf1 Nd4 14. Qd5 Qe7 15. Bb3 c6 16. Qa5 Rad8 17. Qh5 b5 18. Rb1 b4 19. Nce2 Nxb3 20. axb3 Qe4 21. Re1 Bxb2 22. Qf3 Qc2 23. g3 Rd3 24. Qf5 Qd2 25. Nf3 Qc2 26. Ng5 1-0